000 00648nam a2200205Ia 4500
008 170504s9999 xx 000 0 und d
050 _aHM 1261
050 _b.M792 2016
100 _aMontilla, Angelica.
245 _aRelationship between managerial leadership styles and employee performance in gulliver offshore outsourcing, Makati city /
245 _cAngelica Montilla.
260 _aLas PiƱas, Philippines :
260 _bSISC,
260 _c2016.
300 _a65 pages :
300 _billustrations ;
300 _c28 cm.
500 _aIncludes bibliographical references and appendices.
521 _aBusiness Administration
999 _c329810
_d329810